Politicians and poachers : the political economy of wildlife policy in Africa (Record no. 86034)

MARC details
000 -LEADER
fixed length control field 01901nam a2200277za 4500
003 - CONTROL NUMBER IDENTIFIER
control field CBULib
005 - DATE AND TIME OF LATEST TRANSACTION
control field 20250211073635.0
008 - FIXED-LENGTH DATA ELEMENTS--GENERAL INFORMATION
fixed length control field 250211b |||||||| |||| 00| 0 eng d
040 ## - CATALOGING SOURCE
Language of cataloging English
Transcribing agency CBULib
Description conventions rda
041 ## - LANGUAGE CODE
Language code of text/sound track or separate title eng
050 ## - LIBRARY OF CONGRESS CALL NUMBER
Classification number QH 77.A35 Gib
100 ## - MAIN ENTRY--PERSONAL NAME
Personal name Gibson, Clark
9 (RLIN) 4401
Titles and other words associated with a name 1961-
245 ## - TITLE STATEMENT
Title Politicians and poachers : the political economy of wildlife policy in Africa
Statement of responsibility, etc / by Clark C. Gibson
260 ## - PUBLICATION, DISTRIBUTION, ETC. (IMPRINT)
Place of publication, distribution, etc Cambridge, UK :
Name of publisher, distributor, etc Cambridge University Press,
Date of publication, distribution, etc 1999
300 ## - PHYSICAL DESCRIPTION
Extent xiv, 245 pages : illustrations, maps
336 ## - CONTENT TYPE
Source rdacontent
Content type term Text |
Content type code txt
337 ## - MEDIA TYPE
Source rdamedia
Media type term Unmediated |
Media type code n
338 ## - CARRIER TYPE
Source rdacarrier
Carrier type term Volume
Carrier type code nc
490 ## - SERIES STATEMENT
Series statement Political economy of institutions and decisions
500 ## - GENERAL NOTE
General note Summary: In this book, Clark Gibson challenges the rhetoric of television documentaries and conservation organizations to explore the politics behind the creation and change of wildlife policy in Africa. This book examines what Gibson views as a central puzzle in the debate: Why do African governments create policies that apparently fail to protect wildlife? Moving beyond explanations of bureaucratic inefficiency and corrupt dictatorships, Gibson argues that biologically disastrous policies are retained because they meet the distributive goals of politicians and bureaucrats. Using evidence from Zambia, Kenya, and Zimbabwe, Gibson shows how institutions encourage politicians and bureaucrats to construct wildlife policies that further their own interests. This book will appeal to students of institutions, comparative politics, natural resource policy making, African politics, and wildlife conservation
504 ## - BIBLIOGRAPHY, ETC. NOTE
Bibliography, etc Includes bibliographical references and index.
650 #0 - SUBJECT ADDED ENTRY--TOPICAL TERM
9 (RLIN) 4402
Topical term or geographic name as entry element WILDLIFE CONSERVATION--GOVERNMENT POLICY--AFRICA
650 #0 - SUBJECT ADDED ENTRY--TOPICAL TERM
9 (RLIN) 4403
Topical term following geographic name as entry element WILDLIFE CONSERVATION--ECONOMIC ASPECTS--AFRICA
700 ## - ADDED ENTRY--PERSONAL NAME
Personal name Gibson
Numeration Clark C
942 ## - ADDED ENTRY ELEMENTS (KOHA)
Source of classification or shelving scheme
Koha item type MONOGRAPH
Holdings
Withdrawn status Lost status Source of classification or shelving scheme Damaged status Not for loan Collection code Permanent Location Current Location Shelving location Date acquired Source of acquisition Total Checkouts Full call number Barcode Date last seen Copy number Price effective from Koha item type
          Main Library Open Access Collection CBU-MAIN LIBRARY, KITWE. CBU-MAIN LIBRARY, KITWE. General Stacks 02/11/2025 MISCELLENIOUS   QH 77.A35 Gib 753424 02/11/2025 1 02/11/2025 MONOGRAPH